| 000 | 00406nam a2200169Ia 4500 | ||
|---|---|---|---|
| 008 | 230711s9999||||xx |||||||||||||| ||und|| | ||
| 020 | _a81-219-2840-0 | ||
| 041 | _aENG | ||
| 082 |
_a658 _bAH-M |
||
| 100 | _aAhuja,H.L | ||
| 245 | 0 | _aManagerial economics | |
| 250 | _a7th Ed. | ||
| 260 |
_c2012 _aNew Delhi _bS.Chand & Company Ltd |
||
| 300 | _a1144 | ||
| 650 | _aUNIVESITY BUSNIESS SCHOOL | ||
| 942 | _cBK | ||
| 999 |
_c5559 _d5559 |
||